000 01785nam a2200289 c 4500
999 _c395054
_d395054
003 BLK
005 20250219163919.0
008 200315b bul|||||r ||||||| ||bul||
040 _aBLK
041 _aBUL
_cBUL
080 _aВизантийски учен. Заедно с брат си Методий е създателят на глаголицата, славянски християнски просветител. Канонизиран за светец и равноапостол
_b929 Константин Кирил Философ, св.
_z929 Константин Кирил Философ, св.
080 _aВизантийски политически и културен деятел, Заедно с брат си Кирил е създателят на глаголицата, славянски християнски просветител. Канонизиран за светец и равноапостол
_b929 Методий, слав. първоучител, св.
_z929 Методий, слав. първоучител, св.
139 _aСв. св. Кирил и Методий
245 1 0 _aСв. св. Кирил и Методий
_b24/11 май 1921 г. : [Сборник]
257 _aBGR
260 _aСофия
_bМ-во на нар. просвещение
_c1921
_fСофия : Държ. печ.
300 _a29 с.
_bс ил.
_c37 см
380 _a9
500 _a(Цена в кумул.) : 5 лв.
600 0 _aКирил, славянски първоучител
_9272832
600 0 _aМетодий, слав. първоучител
_9251014
852 _aЦб ІІ 1242
_bЦб
856 4 _qpdf
_u
856 4 _qpdf
_u
942 _cKNG
_n0
_s1
944 _aCR
_c2021-01-21
_k30560
_lГеновева Генчева